000 00300nam a2200121Ia 4500
008 240624s9999 xx 000 0 und d
041 _aeng
082 _a332.63 FON
100 _aFONTANILLS GEORGE A
245 _aGETTING STARTED IN COMMODITIES
260 _c2014
_aNew Delhi
_bWiley
365 _cRS
_b33
999 _c26429
_d26429